[Event "N4 - Loures-Barousse / Condom 3"]
[Site "?"]
[Date "2007.03.18"]
[Round "6"]
[White "Saunders, Mark"]
[Black "Seguelong, Patrick"]
[Result "1-0"]
[WhiteElo "1890"]
[BlackElo "1560"]
[EventDate "2007.03.19"]
[PlyCount "113"]

1.e4 c5 2.d4 cxd4 3.c3 e6 4.cxd4 b6 5.Nf3 Bb7 6.Bd3 Ne7 7.O-O d5 8.e5 Ng6 
9.Nc3 Be7 10.Be3 Nh4 11.Rc1 Nxf3+ 12.Qxf3 Nd7 13.Qg3 g6 14.Nb5 O-O 15.Bh6 
Bh4 16.Qe3 Ba6 17.Bxf8 Bxb5 18.Bxb5 Nxf8 19.Rc2 a6 20.Bc6 Rb8 21.Rfc1 f5 
22.g3 Bg5 23.f4 Be7 24.Qd3 b5 25.h3 h6 26.g4 Kh7 27.gxf5 gxf5 28.Rg2 Bh4 
29.Qa3 Qb6 30.Qc5 Qxc5 31.dxc5 Rc8 32.Bb7 Rc7 33.Bxa6 Ng6 34.Rxg6 Kxg6 35.
Rc2 b4 36.c6 Kf7 37.Kh2 Be7 38.Bb7 Bd8 39.Rd2 Be7 40.Rd3 Bc5 41.a3 bxa3 
42.bxa3 Kf8 43.Rc3 Bb6 44.a4 Rg7 45.Rg3 d4 46.Rxg7 Kxg7 47.Ba6 Kg6 48.Kg3 
h5 49.Bc4 Kf7 50.Kf3 Ke7 51.Ke2 Ba5 52.Kd3 Bb6 53.h4 Kf7 54.Kc2 Ba5 55.Be2
Kg6 56.Kb3 Kf7 57.Kc4 1-0

[Event "N4 - Loures-Barousse / Condom 3"]
[Site "?"]
[Date "2007.03.18"]
[Round "6"]
[White "Oriot, Patrice"]
[Black "Porche, Christian"]
[Result "1-0"]
[WhiteElo "2180"]
[BlackElo "1700"]
[EventDate "2007.03.19"]
[PlyCount "55"]

1.e4 e5 2.Nf3 Nc6 3.Bb5 a6 4.Ba4 Nf6 5.d4 exd4 6.O-O Be7 7.Re1 O-O 8.e5 
Nd5 9.Nxd4 Nxd4 10.Qxd4 Nb6 11.Bb3 d5 12.exd6 Qxd6 13.Qe4 Bf6 14.Bf4 Qc6 
15.Qxc6 bxc6 16.c3 Bf5 17.Nd2 Rac8 18.Be5 Bxe5 19.Rxe5 g6 20.Rae1 Rcd8 21.
Nf3 Rd6 22.Nd4 Bd7 23.Ra5 Bc8 24.Re7 Nd7 25.f4 Rf6 26.g3 Rd6 27.Nf3 Rd3 
28.Ng5 1-0

[Event "N4 - Loures-Barousse / Condom 3"]
[Site "?"]
[Date "2007.03.18"]
[Round "6"]
[White "Gonzalez, François"]
[Black "Bricard, Hervé"]
[Result "0-1"]
[WhiteElo "1560"]
[BlackElo "2066"]
[EventDate "2007.03.19"]
[PlyCount "46"]

1.e4 c5 2.Nf3 Nc6 3.d4 cxd4 4.Nxd4 g6 5.Be2 Bg7 6.c3 Nf6 7.Nd2 O-O 8.Qc2 
d5 9.Nxc6 bxc6 10.exd5 cxd5 11.Nf3 Ne4 12.Be3 e5 13.Rd1 Bb7 14.O-O Qe7 15.
Rfe1 f5 16.g3 g5 17.Qb3 Kh8 18.Bf1 f4 19.Bc1 fxg3 20.hxg3 Rxf3 21.Rxd5 Qf7
22.Bc4 Rxg3+ 23.Kh1 Qh5# 0-1

[Event "N4 - Loures-Barousse / Condom 3"]
[Site "?"]
[Date "2007.03.18"]
[Round "6"]
[White "Correges, Philippe"]
[Black "Schwarz, Klaus"]
[Result "1-0"]
[WhiteElo "1677"]
[BlackElo "1490"]
[EventDate "2007.03.19"]
[PlyCount "77"]

1.e4 e5 2.Nf3 Nf6 3.Nxe5 d6 4.Nc4 Nxe4 5.d3 Nf6 6.Nc3 Be7 7.Be2 Be6 8.Ne3 
c6 9.O-O O-O 10.f4 d5 11.d4 Bd6 12.Ng4 Nxg4 13.Bxg4 Qh4 14.Bxe6 fxe6 15.g3
Qh3 16.Qe2 Nd7 17.Bd2 Nf6 18.Rae1 Rae8 19.Qg2 Qf5 20.Bc1 c5 21.Nb5 Bb8 22.
dxc5 a6 23.Nd4 Qh5 24.Nxe6 Rxe6 25.Rxe6 Rc8 26.b4 Ne4 27.Rxe4 dxe4 28.Qxe4
Re8 29.Qxb7 h6 30.Bb2 Qg4 31.Qxa6 Re2 32.Qc4+ Kh8 33.Rf2 Re8 34.Qd3 Qh3 
35.Re2 Rg8 36.Re7 Qg4 37.Be5 Bxe5 38.Rxe5 Qh5 39.Rxh5 1-0

[Event "N4 - Loures-Barousse / Condom 3"]
[Site "?"]
[Date "2007.03.18"]
[Round "6"]
[White "Alegret, Jean-Pierre"]
[Black "Ribou, Jacques"]
[Result "0-1"]
[WhiteElo "1630"]
[BlackElo "1780"]
[EventDate "2007.03.19"]
[Annotator ",Papa"]
[PlyCount "50"]

1.e4 c5 2.c3 Nf6 3.e5 Nd5 4.d4 e6 5.Nf3 Nb6 6.a3 Nc6 7.b4 cxd4 8.cxd4 a6 
9.Nc3 d6 10.Be3 d5 11.Rc1 Bd7 12.Nd2 Be7 13.Nb3 O-O 14.Nc5 Ra7 15.Nxd7 
Qxd7 16.h4 f6 17.exf6 Bxf6 18.Na4 Nxa4 19.Qxa4 Qe7 20.Qd1 Raa8 21.Bd3 e5 
22.dxe5 Nxe5 23.Kf1 Qe6 24.Bb1 Rac8 25.Rh3 Nc4 {Et les Blancs perdent au 
temps.} 0-1

[Event "R1 Tarbes2-Muret2"]
[Site "Tarbes"]
[Date "2007.03.18"]
[Round "6"]
[White "Martinez, Benito"]
[Black "Costes, Laurent"]
[Result "1-0"]
[WhiteElo "1810"]
[BlackElo "1770"]
[EventDate "2007.??.??"]
[PlyCount "134"]

1.e4 d6 2.f4 Nf6 3.Nc3 g6 4.Be2 Bg7 5.d4 c5 6.dxc5 dxc5 7.Qxd8+ Kxd8 8.Be3
Nfd7 9.e5 e6 10.Ne4 Bf8 11.Nf3 Na6 12.a3 Nc7 13.c4 b6 14.Rd1 Ne8 15.Nfg5 
Ke7 16.Nd6 Nxd6 17.exd6+ Ke8 18.Bf3 Rb8 19.Bc6 h6 20.Nf3 Bb7 21.Bxd7+ Kxd7
22.Ne5+ Ke8 23.d7+ Ke7 24.d8=Q+ Rxd8 25.Rxd8 Kxd8 26.Nxf7+ Ke7 27.Nxh8 Be4
28.Kf2 Bg7 29.Nxg6+ Bxg6 30.b4 cxb4 31.axb4 Bc3 32.c5 Bxb4 33.cxb6 axb6 
34.Bxb6 h5 35.Rd1 Bc3 36.h3 Bb2 37.Kf3 Bc3 38.g4 hxg4+ 39.hxg4 Bb2 40.Bc5+
Kf6 41.Rd7 Bf7 42.Be7+ Kg6 43.Ke4 Bc3 44.Bf8 Be8 45.Rc7 Bb2 46.f5+ exf5+ 
47.gxf5+ Kg5 48.Rc2 Bf6 49.Rg2+ Kh4 50.Kf4 Kh3 51.Ra2 Bb5 52.Bc5 Bd8 53.
Bd6 Bc6 54.Ke5 Kg4 55.Ra7 Bg5 56.Be7 Bd2 57.f6 Bc3+ 58.Ke6 Bxf6 59.Bxf6 
Kf4 60.Ra3 Ke4 61.Ra5 Kf4 62.Rh5 Ke4 63.Rh4+ Kd3 64.Ke5 Bg2 65.Ra4 Bc6 66.
Ra3+ Kd2 67.Kd4 Kc2 1-0

[Event "R1 Tarbes2-Muret2"]
[Site "Tarbes"]
[Date "2007.03.18"]
[Round "6"]
[White "Flourac, Jean-Paul"]
[Black "Labarthe, François"]
[Result "1/2-1/2"]
[WhiteElo "1670"]
[BlackElo "1720"]
[EventDate "2007.??.??"]
[PlyCount "135"]

1.d4 Nf6 2.f3 g6 3.e4 d6 4.Bc4 Bg7 5.Ne2 O-O 6.O-O Nc6 7.c3 e5 8.Be3 Na5 
9.Bd3 Ne8 10.Nd2 f5 11.exf5 gxf5 12.Qc2 Nc6 13.Bf2 Qf6 14.Nc4 Qh6 15.dxe5 
Nxe5 16.Nxe5 dxe5 17.Ng3 f4 18.Nf5 Bxf5 19.Bxf5 Nd6 20.Bd3 b6 21.Rae1 Kh8 
22.b3 Bf6 23.Kh1 Rg8 24.Bg1 Rg5 25.Re2 Rh5 26.Qd1 Bh4 27.Qd2 Rg8 28.Rff2 
Bxf2 29.Rxf2 Rd8 30.Qe2 Qg7 31.Qc2 Rf8 32.Re2 Nf5 33.Bxf5 Rhxf5 34.Qd2 Qe7
35.Qe1 c5 36.b4 Qc7 37.bxc5 bxc5 38.Qb1 R5f6 39.Qe1 Re6 40.Rb2 Rb6 41.Qd2 
Rd8 42.Qc2 Rxb2 43.Qxb2 Rd1 44.Qb5 Qe7 45.Qe2 Qd6 46.Qb5 a6 47.Qe8+ Kg7 
48.Qh5 h6 49.h3 Rd2 50.Kh2 c4 51.Qe8 Rxa2 52.Qc8 Ra4 53.Bc5 Qd5 54.Qf8+ 
Kg6 55.Qe8+ Kf5 56.Qf8+ Kg6 57.Qe8+ Kf5 58.Qh5+ Ke6 59.Qe8+ Kf5 60.Qc8+ 
Qe6 61.Qf8+ Kg6 62.Qa8 Ra2 63.Qe4+ Kh5 64.Qb1 Re2 65.Qd1 Ra2 66.Qb1 Rd2 
67.Qe1 Qd5 68.Be7 1/2-1/2

[Event "R1 Tarbes2-Muret2"]
[Site "Tarbes"]
[Date "2007.03.18"]
[Round "6"]
[White "Bildstein, Gérard"]
[Black "Rahal, Sami"]
[Result "1-0"]
[WhiteElo "1740"]
[BlackElo "1800"]
[EventDate "2007.??.??"]
[PlyCount "101"]

1.d4 b6 2.e4 Bb7 3.Bd3 e6 4.Nf3 Nf6 5.Bg5 Be7 6.Nbd2 O-O 7.O-O c5 8.c3 Nc6
9.a3 Re8 10.Qc2 g6 11.Rae1 cxd4 12.cxd4 Rc8 13.Qb1 d6 14.b4 Qd7 15.Qb2 Nh5
16.Be3 Bf6 17.Bb5 a6 18.Ba4 b5 19.Bb3 e5 20.d5 Nd4 21.Nxd4 exd4 22.Bxd4 
Bxd4 23.Qxd4 Qg4 24.Bd1 Qg5 25.Bxh5 Qxh5 26.Nf3 Qg4 27.h3 Qd7 28.Rc1 Rc7 
29.Rxc7 Qxc7 30.Re1 Rd8 31.Re3 Qe7 32.Rc3 Re8 33.Nd2 Qg5 34.Nf1 Qe7 35.Ng3
Qg5 36.Qe3 Qe5 37.Qc1 h5 38.h4 Kh7 39.Rc7 Re7 40.Rxe7 Qxe7 41.Qg5 Qc7 42.
Kh2 Qd7 43.Qf6 Qc7 44.f4 Qd7 45.f5 Qc7 46.fxg6+ fxg6 47.Ne2 Qd7 48.Nf4 Qe8
49.Ne6 Qh8 50.Ng5+ Kg8 51.Qf7# 1-0

[Event "R1 Tarbes2-Muret2"]
[Site "Tarbes"]
[Date "2007.03.18"]
[Round "6"]
[White "Baumgartner, Georges"]
[Black "Phan, Van-Chuong"]
[Result "0-1"]
[WhiteElo "1720"]
[BlackElo "1860"]
[EventDate "2007.??.??"]
[PlyCount "122"]

1.Nf3 Nf6 2.c4 g6 3.b4 Bg7 4.Bb2 d6 5.g3 O-O 6.Bg2 Nbd7 7.O-O Rb8 8.a4 c6 
9.Qc2 a5 10.b5 Qc7 11.d3 Re8 12.Nbd2 Nf8 13.Ng5 Ne6 14.Nde4 Nxe4 15.Nxe4 
cxb5 16.axb5 d5 17.Nd2 dxc4 18.Nxc4 b6 19.Bxg7 Nxg7 20.Qb2 Be6 21.Rfc1 
Bxc4 22.Rxc4 Qd6 23.Rc6 Qd7 24.Rac1 Ne6 25.Bh3 Qd4 26.Qa3 Nc5 27.Rc4 Qd5 
28.Bg2 Qg5 29.d4 Ne6 30.e3 Qxb5 31.Bf1 Qd5 32.Bg2 Qb5 33.Bh3 Ng5 34.Bg2 
Ne6 35.Rc1 Kf8 36.Qc3 Kg8 37.Qa3 Kf8 38.Qa2 h5 39.Bd5 Ng5 40.h4 Red8 41.
Bb3 Nf3+ 42.Kh1 Qf5 43.Kg2 Qe4 44.Kh3 Ne1 45.Rxe1 Qxc6 46.Bxf7 Qf6 47.Be6 
Rd6 48.d5 Qc3 49.Qb1 Kg7 50.Rc1 Qf6 51.f4 Rxe6 52.dxe6 Qxe6+ 53.Kg2 Qxe3 
54.Qb2+ Kf7 55.Rc3 Qe4+ 56.Kg1 Rd8 57.Qb3+ Kf8 58.Re3 Qd4 59.Qa3 Qd1+ 60.
Kg2 Rd2+ 61.Kh3 Qf1# 0-1

[Event "R1 Castel-Muret3"]
[Site "Castellaneta ITA"]
[Date "2007.03.18"]
[Round "6"]
[White "Riviere, Frederic"]
[Black "Grimmer, Jonathan"]
[Result "1/2-1/2"]
[WhiteElo "1840"]
[BlackElo "1770"]
[EventDate "2007.??.??"]
[PlyCount "100"]

1.e4 c5 2.Nf3 e6 3.d4 cxd4 4.Nxd4 Nc6 5.c3 Qc7 6.Be3 a6 7.Nd2 Nf6 8.Be2 
Be7 9.O-O O-O 10.f4 d6 11.Rc1 e5 12.fxe5 dxe5 13.Nf5 Be6 14.Qe1 Bxf5 15.
exf5 Nd5 16.Qg3 Nxe3 17.Qxe3 Nb8 18.Kh1 Nd7 19.Ne4 Nf6 20.Rcd1 Rad8 21.g4 
Nxe4 22.Qxe4 Bg5 23.Rd3 Rxd3 24.Bxd3 Rd8 25.Re1 h6 26.Kg2 Qd6 27.Bc2 Qd2+ 
28.Re2 Qxe2+ 29.Qxe2 Rd2 30.Qxd2 Bxd2 {(=)} 31.c4 Bc1 32.b3 Kf8 33.Kf3 Ke7
34.Ke4 Kd6 35.c5+ Kxc5 36.Kxe5 Bb2+ 37.Ke4 Kb4 38.a4 Kc3 39.Bd1 Kd2 40.Bf3
Kc3 41.Ke3 Kxb3 42.Bxb7 Kxa4 43.Bxa6 Kb4 {(=)} 44.Kd3 Kc5 45.Ke4 Kd6 46.h4
Bf6 47.Bc4 Ke7 48.h5 Bg5 49.Kd5 f6 50.Kc6 Be3 1/2-1/2

[Event "R1 Castel-Muret3"]
[Site "Castellaneta ITA"]
[Date "2007.03.18"]
[Round "6"]
[White "Prieur, Axel"]
[Black "Heude, Jean Noel"]
[Result "1-0"]
[WhiteElo "1640"]
[BlackElo "1320"]
[EventDate "2007.??.??"]
[PlyCount "51"]

1.e4 e5 2.Nf3 Nc6 3.Bb5 Nf6 4.O-O a6 5.Ba4 b5 6.Bb3 Nxe4 7.Re1 d5 8.d3 Nf6
9.Nxe5 Nxe5 10.Rxe5+ Be6 11.Bg5 Be7 12.Qe1 O-O 13.Nd2 Ng4 14.Bxe7 Qxe7 15.
Re2 Qd6 16.Nf3 c5 17.c3 Rad8 18.h3 Nf6 19.d4 c4 20.Bc2 Rfe8 21.a4 Bc8 22.
Ng5 Rxe2 23.Qxe2 Re8 24.Bxh7+ Kh8 25.Nxf7+ Kxh7 26.Qc2+ 1-0

[Event "R1 Castel-Muret3"]
[Site "Castellaneta ITA"]
[Date "2007.03.18"]
[Round "6"]
[White "Grimmer, Eric"]
[Black "Cebollero, Daniel"]
[Result "0-1"]
[WhiteElo "1549"]
[BlackElo "1690"]
[EventDate "2007.??.??"]
[PlyCount "26"]

1.e4 c6 2.Nf3 d5 3.e5 Bf5 4.d3 e6 5.g3 Be7 6.a3 f6 7.Bg2 fxe5 8.Nxe5 Nf6 
9.Bf4 O-O 10.Nd2 Nbd7 11.Ndf3 Nb6 12.Ng5 Bd6 13.Nxe6 Bxe6 {Suite 
incomprehensible} 0-1

[Event "R1 Castel-Muret3"]
[Site "Castellaneta ITA"]
[Date "2007.03.18"]
[Round "6"]
[White "Doyen, Jean Marie"]
[Black "Vainguer, Guillaume"]
[Result "1/2-1/2"]
[WhiteElo "1649"]
[BlackElo "1840"]
[EventDate "2007.??.??"]
[PlyCount "48"]

1.d4 g6 2.c4 Bg7 3.Nc3 Nc6 4.Nf3 e6 5.e4 Nge7 6.Bf4 d6 7.c5 e5 8.dxe5 Nxe5
9.Bxe5 Bxe5 10.Nxe5 dxe5 11.Qxd8+ Kxd8 12.Rd1+ Bd7 13.Nd5 Nxd5 14.Rxd5 Re8
15.Bc4 Re7 16.Ke2 c6 17.Rd3 Kc7 18.Rhd1 f5 19.h3 Rf8 20.exf5 gxf5 21.Rd6 
e4 22.f4 exf3+ 23.Kxf3 f4 24.R1d3 Re3+ 1/2-1/2

[Event "R1 Castel-Muret3"]
[Site "Castellaneta ITA"]
[Date "2007.03.18"]
[Round "6"]
[White "Dirat, Sylvain"]
[Black "Boschetti, Patrick"]
[Result "1-0"]
[WhiteElo "1760"]
[BlackElo "1499"]
[EventDate "2007.??.??"]
[PlyCount "125"]

1.d4 d6 2.Nf3 Nc6 3.e4 e5 4.d5 Nce7 5.Bd3 h6 6.Nc3 a6 7.b3 Bd7 8.Bb2 Nf6 
9.h3 Nc8 10.Qe2 Be7 11.O-O O-O 12.Nd2 c6 13.f4 Nb6 14.dxc6 Bxc6 15.fxe5 
dxe5 16.Nc4 Nbd7 17.Nd1 Qc7 18.Nde3 Bc5 19.Kh1 Bxe3 20.Qxe3 b5 21.Nd2 Rfe8
22.Qg3 Rad8 23.Rf2 Qd6 24.Raf1 Re6 25.Qe3 Qc5 26.Qxc5 Nxc5 27.Rf3 Ncd7 28.
c4 Rf8 29.cxb5 Bxb5 30.Bxb5 axb5 31.Rc1 Rb6 32.Rd3 Ra8 33.a3 Re6 34.Rdc3 
Nb6 35.Rc6 Rxc6 36.Rxc6 Nbd7 37.Rc7 Kh7 38.Rb7 Rb8 39.Rxb8 Nxb8 40.Bxe5 
Nc6 41.Bxf6 gxf6 42.Kh2 Kg6 43.Kg3 h5 44.Kf4 Nd4 45.a4 bxa4 46.bxa4 Nc6 
47.Nf3 Kg7 48.e5 Nd8 49.exf6+ Kxf6 50.a5 Nc6 51.a6 Ke6 52.Kg5 f6+ 53.Kxh5 
Kf7 54.Kg4 Kg6 55.Kf4 Na7 56.g4 Kf7 57.Nd4 Kg6 58.h4 Nc8 59.Nc6 Nb6 60.a7 
Nd5+ 61.Ke4 Nc7 62.Ne7+ Kg7 63.Nd5 1-0

[Event "R1 - Albi / Condom "]
[Site "Albi"]
[Date "2007.03.18"]
[Round "6"]
[White "Schegerin, André"]
[Black "Wolozyn, Florent"]
[Result "0-1"]
[WhiteElo "1840"]
[BlackElo "1981"]
[EventDate "2007.??.??"]
[PlyCount "58"]

1.f4 g6 2.Nf3 Bg7 3.Nc3 c5 4.e4 Nc6 5.Bc4 e6 6.O-O a6 7.a4 Nge7 8.d3 d6 9.
Be3 d5 10.Bxd5 exd5 11.Bxc5 d4 12.Ne2 b6 13.Ba3 O-O 14.c3 Re8 15.Qd2 Bb7 
16.c4 Qd7 17.b4 Nd8 18.Bb2 Ne6 19.a5 bxa5 20.Rxa5 Nc6 21.Raa1 Bf8 22.Ba3 
Red8 23.Ng3 Bh6 24.Ng5 Nxg5 25.fxg5 Bg7 26.Rf2 Ne5 27.Raf1 Qa4 28.Bc1 Qb3 
29.Rd1 Bc6 0-1

[Event "R1 - Albi / Condom "]
[Site "Albi"]
[Date "2007.03.18"]
[Round "6"]
[White "Rauzieres, William"]
[Black "Serres, Olivier"]
[Result "1-0"]
[WhiteElo "2000"]
[BlackElo "1870"]
[EventDate "2007.??.??"]
[PlyCount "53"]

1.d4 d5 2.c4 c6 3.e3 Nf6 4.Nf3 Bg4 5.Be2 e6 6.O-O h5 7.Nbd2 Bd6 8.Ne5 Bxe2
9.Qxe2 Ng4 10.f4 Qh4 11.Ndf3 Qe7 12.Bd2 Nd7 13.e4 dxe4 14.Qxe4 Ndf6 15.Qe1
c5 16.h3 Nh6 17.d5 exd5 18.cxd5 Nxd5 19.Qe4 Nb6 20.Rae1 O-O 21.Qc2 Qc7 22.
Ng5 f6 23.Ne6 Qc8 24.Nxf8 Qxf8 25.a4 Rc8 26.a5 Nd5 27.Qc4 1-0

[Event "R1 - Albi / Condom "]
[Site "Albi"]
[Date "2007.03.18"]
[Round "6"]
[White "Pierre, Timothée"]
[Black "Vitrou, Jonathan"]
[Result "0-1"]
[WhiteElo "1937"]
[BlackElo "2004"]
[EventDate "2007.??.??"]
[PlyCount "70"]

1.e4 e5 2.Nf3 Nf6 3.Nc3 Nc6 4.d3 Be7 5.Be2 O-O 6.O-O d5 7.exd5 Nxd5 8.Nxd5
Qxd5 9.Be3 Bg4 10.Re1 Rad8 11.Nd2 Bxe2 12.Qxe2 f5 13.f3 Bh4 14.Bf2 Nd4 15.
Qd1 Bxf2+ 16.Kxf2 Qc5 17.Kf1 Nxc2 18.Nb3 Ne3+ 19.Ke2 Qc2+ 20.Qd2 Qxd2+ 21.
Kxd2 f4 22.Rac1 c6 23.Na5 Rd5 24.Nc4 Rfd8 25.Nxe3 Rxd3+ 26.Kc2 fxe3 27.
Rcd1 Rd2+ 28.Kc1 Kf7 29.Rg1 Kf6 30.g3 R8d5 31.Rde1 Rc5+ 32.Kb1 Rcc2 33.
Rxe3 Rxb2+ 34.Kc1 Rdc2+ 35.Kd1 Rxh2 0-1

[Event "R1 - Albi / Condom "]
[Site "Albi"]
[Date "2007.03.18"]
[Round "6"]
[White "Pagnoncelli, Hervé"]
[Black "Fabre, Philippe"]
[Result "1-0"]
[WhiteElo "1770"]
[BlackElo "1720"]
[EventDate "2007.??.??"]
[PlyCount "47"]

1.d4 Nf6 2.c4 g6 3.Nc3 Bg7 4.e4 d6 5.f4 O-O 6.Be2 c5 7.d5 e6 8.Nf3 exd5 9.
e5 dxe5 10.fxe5 Ng4 11.Bg5 Qa5 12.cxd5 Nxe5 13.O-O h6 14.Be7 Re8 15.d6 
Nbc6 16.Nxe5 Bxe5 17.Bc4 Bd4+ 18.Kh1 Ne5 19.Bb5 Bg4 20.Qc1 Bxc3 21.Bxe8 
Bd2 22.Bxf7+ Nxf7 23.Qc4 Bf5 24.g4 1-0

[Event "R1 - Albi / Condom "]
[Site "Albi"]
[Date "2007.03.18"]
[Round "6"]
[White "Daourbekov, Said"]
[Black "Aspinall, John"]
[Result "0-1"]
[WhiteElo "1730"]
[BlackElo "1770"]
[EventDate "2007.??.??"]
[PlyCount "76"]

1.e4 d6 2.Bc4 Nf6 3.Nc3 c6 4.a4 Qa5 5.d3 d5 6.exd5 cxd5 7.Bb5+ Bd7 8.Bd2 
Qd8 9.Nf3 a6 10.Bxd7+ Nbxd7 11.O-O e6 12.Bg5 Be7 13.Qd2 O-O 14.Na2 Rc8 15.
c3 Nc5 16.Nc1 Qc7 17.Re1 Rfe8 18.h3 Ncd7 19.Ne2 e5 20.Ng3 Nc5 21.Nf5 Nb3 
22.Qd1 Nxa1 23.Nxe7+ Qxe7 24.Nxe5 Qd6 25.Bf4 Nc2 26.Qxc2 Nd7 27.d4 f6 28.
Qf5 fxe5 29.dxe5 Qe6 30.Qg5 Nc5 31.Bg3 Ne4 32.Qe3 Rc4 33.Bh2 Rxa4 34.f4 
Ra2 35.Qc1 Qb6+ 36.Qe3 Qxe3+ 37.Rxe3 Ra1+ 38.Re1 Rxe1# 0-1

[Event "R1 - Albi / Condom "]
[Site "Albi"]
[Date "2007.03.18"]
[Round "6"]
[White "Calatrava, Julian"]
[Black "Soujoyan, Ararat"]
[Result "1-0"]
[WhiteElo "1880"]
[BlackElo "1860"]
[EventDate "2007.??.??"]
[PlyCount "30"]

1.e4 e5 2.Nf3 Nc6 3.Bb5 d6 4.d4 Bd7 5.O-O f6 6.Nc3 g6 7.Bc4 Na5 8.Bxg8 
Rxg8 9.dxe5 fxe5 10.Qd5 Rh8 11.Qxa5 b6 12.Qd5 c6 13.Qb3 Be7 14.Ne2 Bg4 15.
h3 Bd7 1-0

[Event "R1 - Albi / Condom "]
[Site "Albi"]
[Date "2007.03.18"]
[Round "6"]
[White "Adiba, Jean-Claude"]
[Black "Rauzieres, Guy"]
[Result "0-1"]
[WhiteElo "1560"]
[BlackElo "1740"]
[EventDate "2007.??.??"]
[PlyCount "104"]

1.e4 d5 2.exd5 Nf6 3.Nc3 Nxd5 4.Nxd5 Qxd5 5.Nf3 Nc6 6.Be2 e5 7.O-O Be7 8.
c4 Qd6 9.d3 Bf5 10.a3 h6 11.Qb3 b6 12.Be3 Nd4 13.Bxd4 exd4 14.Qb5+ Bd7 15.
Qd5 Qxd5 16.cxd5 Bf6 17.Rac1 Rc8 18.Nd2 g6 19.Ne4 Bg7 20.h3 O-O 21.Bf3 
Rfe8 22.Ng3 Be5 23.Ne2 Re7 24.Rfe1 Rce8 25.Rc2 Ba4 26.Rd2 Bf4 27.Nxf4 
Rxe1+ 28.Kh2 Rc1 29.b3 Bxb3 30.Rb2 Ba4 31.Rb4 Bd7 32.Rxd4 b5 33.Ne2 Ra1 
34.Nc3 Rxa3 35.Ne4 Kg7 36.Nc5 Bc8 37.Rb4 a6 38.g4 Rc3 39.Ne4 Rxd3 40.Bg2 
Rxd5 41.Nf6 Rdd8 42.Nxe8+ Rxe8 43.Bc6 Re6 44.Bd5 Rd6 45.Be4 c5 46.Rb2 b4 
47.f4 f5 48.gxf5 Bxf5 49.Bxf5 gxf5 50.Kg3 a5 51.Ra2 Rb6 52.Rxa5 b3 0-1

[Event "N4 - CATE/ROREZ"]
[Site "Rodez"]
[Date "2007.03.18"]
[Round "?"]
[White "Delay, Guillaume"]
[Black "Tanguy, Fabien"]
[Result "0-1"]
[WhiteElo "1690"]
[BlackElo "2057"]
[EventDate "2007.??.??"]
[PlyCount "70"]

1.e4 Nf6 2.e5 Nd5 3.d4 d6 4.c4 Nb6 5.Nf3 Nc6 6.exd6 exd6 7.Nc3 Qe7+ 8.Be2 
Bg4 9.O-O O-O-O 10.d5 Bxf3 11.Bxf3 Ne5 12.b3 f5 13.a4 g5 14.a5 Nbd7 15.a6 
b6 16.Nb5 Kb8 17.Bb2 g4 18.Be2 Bg7 19.Nd4 Rhg8 20.Nxf5 Qg5 21.Nxg7 Rxg7 
22.b4 Rf8 23.c5 Nf3+ 24.Kh1 Nxh2 25.Kxh2 g3+ 26.Kg1 gxf2+ 27.Rxf2 Rxf2 28.
Bg4 Rxb2 29.Qe1 Rxg2+ 30.Kh1 Qh6+ 31.Kxg2 Rxg4+ 32.Kf3 Qh3+ 33.Ke2 Rg2+ 
34.Kd1 Qb3+ 35.Kc1 Qc2# 0-1

[Event "N4 - CATE/RODEZ"]
[Site "Rodez"]
[Date "2007.03.18"]
[Round "?"]
[White "Poussy, Daniel"]
[Black "Forest, Eric"]
[Result "0-1"]
[WhiteElo "1420"]
[BlackElo "1824"]
[EventDate "2007.??.??"]
[PlyCount "42"]

1.b3 d5 2.Bb2 Nf6 3.e3 c5 4.Nf3 Nc6 5.Bb5 Bg4 6.d3 Nd7 7.Nbd2 Qc7 8.Qe2 f6
9.h3 Bh5 10.g4 Bf7 11.d4 a6 12.Bxc6 Qxc6 13.O-O-O c4 14.c3 Bg6 15.bxc4 Qa4
16.Nb1 Qxa2 17.Nfd2 Rc8 18.cxd5 Nb6 19.e4 Na4 20.Ba3 Nxc3 21.Qc4 Ne2# 0-1

[Event "N4 - CATE/RODEZ"]
[Site "Rodez"]
[Date "2007.03.18"]
[Round "?"]
[White "Nenert, Louis"]
[Black "Genty, Titouan"]
[Result "1-0"]
[WhiteElo "1740"]
[BlackElo "1199"]
[EventDate "2007.??.??"]
[PlyCount "47"]

1.e4 c5 2.Nf3 Nc6 3.d4 cxd4 4.c3 e5 5.Bc4 Nh6 6.Qe2 Bd6 7.O-O O-O 8.Rd1 
Qb6 9.Bxh6 gxh6 10.Nh4 Ne7 11.cxd4 Ng6 12.Nf5 Be7 13.Nc3 Qd8 14.Nxh6+ Kg7 
15.Nf5+ Kg8 16.Rd3 Nf4 17.Qg4+ Bg5 18.Rg3 Ng6 19.Qxg5 Qxg5 20.Rxg5 d6 21.
dxe5 dxe5 22.Nd5 Be6 23.Nf6+ Kh8 24.Rh5 1-0

[Event "N4 - CATE/RODEZ"]
[Site "Rodez"]
[Date "2007.03.18"]
[Round "?"]
[White "De Biasi, Robert"]
[Black "Sabanowski, Jean-Claude"]
[Result "1/2-1/2"]
[WhiteElo "1844"]
[BlackElo "1570"]
[EventDate "2007.??.??"]
[PlyCount "66"]

1.c4 Nf6 2.g3 d5 3.cxd5 Nxd5 4.Bg2 Nf6 5.Nc3 c6 6.e3 e5 7.Nf3 Bg4 8.h3 
Bxf3 9.Qxf3 Nbd7 10.O-O Be7 11.d4 exd4 12.exd4 O-O 13.b3 Nb6 14.Ne2 Nbd5 
15.Bb2 Re8 16.a3 a5 17.Nf4 Rb8 18.Rfe1 Nxf4 19.Qxf4 Nd5 20.Qf3 Qb6 21.Bf1 
Bf6 22.Qd3 Rbd8 23.Re4 Rxe4 24.Qxe4 Qxb3 25.Re1 g6 26.Bc1 Nc3 27.Qf3 Bxd4 
28.Bh6 Qd5 29.Qf4 Qf5 30.Re8+ Rxe8 31.Qxd4 Qe5 32.Qd7 Qe7 33.Qd4 Qe5 
1/2-1/2

[Event "N4 - CATE/RODEZ"]
[Site "Rodez"]
[Date "2007.03.18"]
[Round "?"]
[White "Barral, Adrien"]
[Black "Croux, Laurent"]
[Result "0-1"]
[WhiteElo "1200"]
[BlackElo "1800"]
[EventDate "2007.??.??"]
[PlyCount "66"]

1.d4 Nf6 2.Nf3 g6 3.c4 Bg7 4.Nc3 O-O 5.e4 d6 6.Be2 Nc6 7.O-O e5 8.d5 Ne7 
9.Be3 Nd7 10.Nd2 f5 11.f3 f4 12.Bf2 g5 13.b4 Ng6 14.c5 Nf6 15.cxd6 cxd6 
16.Rc1 Rf7 17.Ncb1 h5 18.Nb3 g4 19.N1d2 gxf3 20.Nxf3 Nxe4 21.Qd3 Bf5 22.
Qd1 Nxf2 23.Rxf2 h4 24.Bd3 e4 25.Nfd4 exd3 26.Nxf5 Rxf5 27.Qxd3 Qg5 28.Rc7
Ne5 29.Rxg7+ Kxg7 30.Qc3 Rf7 31.Nd4 Kh6 32.Ne6 Qg4 33.Nd4 Rg8 0-1

[Event "N4"]
[Site "Boomscud"]
[Date "2007.03.18"]
[Round "6.8"]
[White "Martin de la Moutte, Paul"]
[Black "Moisselin, Simon"]
[Result "1-0"]
[WhiteElo "1600"]
[BlackElo "1390"]
[EventDate "2007.??.??"]
[PlyCount "97"]

1.c4 e5 2.Nc3 Nf6 3.Nf3 Nc6 4.d4 exd4 5.Nxd4 Bb4 6.Bg5 h6 7.Bh4 Bc5 8.e3 
Nxd4 9.exd4 Bb4 10.Be2 Bxc3+ 11.bxc3 g5 12.Bg3 Ne4 13.Be5 f6 14.Qc2 fxe5 
15.Qxe4 d6 16.dxe5 Qe7 17.Bh5+ Kd8 18.O-O Qxe5 19.Qxe5 dxe5 20.Rad1+ Ke7 
21.Rfe1 Kf6 22.Rd5 Be6 23.Rc5 c6 24.Rexe5 Rhd8 25.h3 Rd2 26.a4 Rc2 27.Re3 
Rd8 28.Bg4 Bxg4 29.hxg4 Rdd2 30.Rf5+ Kg6 31.Re6+ Kg7 32.Re7+ Kg6 33.Rff7 
Rd6 34.c5 Rd5 35.Rxb7 Rxc3 36.Rxa7 h5 37.f3 hxg4 38.fxg4 Rg3 39.a5 Rxg4 
40.Rf3 Ra4 41.Rc3 Kf5 42.a6 Ke4 43.Rc1 Re5 44.Ra8 Kd4 45.a7 Rd5 46.Rd1+ 
Kc4 47.Rxd5 cxd5 48.c6 Ra1+ 49.Kh2 1-0

[Event "N4"]
[Site "Boomscud"]
[Date "2007.03.18"]
[Round "6.7"]
[White "Pinault, Maylis"]
[Black "Misiaszek, Stephan"]
[Result "1/2-1/2"]
[WhiteElo "1460"]
[BlackElo "1640"]
[EventDate "2007.??.??"]
[PlyCount "50"]

1.e4 d6 2.d4 Nf6 3.Nc3 g6 4.Nf3 Bg7 5.Bc4 c6 6.O-O O-O 7.Bf4 b5 8.Bb3 b4 
9.Ne2 Nxe4 10.Ng3 Nxg3 11.fxg3 Qb6 12.Kh1 Nd7 13.Qd2 Nf6 14.Rae1 Re8 15.
Bg5 Bd7 16.Bxf6 exf6 17.Rxe8+ Bxe8 18.Qf4 d5 19.g4 Qb8 20.Qe3 Qd6 21.c4 
bxc3 22.bxc3 Bd7 23.g5 Re8 24.Qf2 f5 25.Re1 Rxe1+ 1/2-1/2

[Event "N4"]
[Site "Boomscud"]
[Date "2007.03.18"]
[Round "6.6"]
[White "Lecureux, Yves"]
[Black "Moisselin, Jean-Marc"]
[Result "1-0"]
[WhiteElo "1590"]
[BlackElo "1550"]
[EventDate "2007.??.??"]
[PlyCount "51"]

1.e4 e5 2.Nf3 Nf6 3.Nxe5 d6 4.Nf3 Nxe4 5.Nc3 d5 6.Qe2 Be6 7.Nxe4 dxe4 8.
Qxe4 c6 9.Be2 Bd6 10.O-O O-O 11.d4 Bd5 12.Qd3 Nd7 13.c4 Bxf3 14.Bxf3 Nc5 
15.Qd1 Ne6 16.d5 cxd5 17.Bxd5 Qc7 18.g3 Rad8 19.Qg4 Nc5 20.Bg5 Rd7 21.Rfe1
Nd3 22.Bf6 g6 23.Qh4 Qb6 24.Re3 Nxf2 25.Qh6 Nh3+ 26.Kf1 1-0

[Event "N4"]
[Site "Boomscud"]
[Date "2007.03.18"]
[Round "6.5"]
[White "Marni-Sandid, Tarik"]
[Black "Moreau, Emilien"]
[Result "0-1"]
[WhiteElo "1730"]
[BlackElo "1830"]
[EventDate "2007.??.??"]
[PlyCount "48"]

1.e4 c5 2.Nf3 Nc6 3.d4 cxd4 4.Nxd4 Nf6 5.Nc3 e5 6.Ndb5 d6 7.Bg5 a6 8.Na3 
b5 9.Bxf6 gxf6 10.Nd5 f5 11.Bd3 Be6 12.c4 Qa5+ 13.Qd2 Qxd2+ 14.Kxd2 Bh6+ 
15.Kc3 Bxd5 16.Nxb5 axb5 17.cxb5 fxe4 18.bxc6 exd3 19.Kxd3 Bxg2 20.Rhd1 
Bxc6 21.Kc4 Ke7 22.b4 Rhc8 23.Kd3 Bf3 24.Rg1 Ra3# 0-1

[Event "N4"]
[Site "Boomscud"]
[Date "2007.03.18"]
[Round "6.4"]
[White "Boulogne, Laurent"]
[Black "Jacquart, Christian"]
[Result "0-1"]
[WhiteElo "1820"]
[BlackElo "1950"]
[EventDate "2007.??.??"]
[PlyCount "48"]

1.c4 Nf6 2.g3 e5 3.Bg2 Bc5 4.Nc3 Nc6 5.e3 O-O 6.Nf3 d6 7.O-O Bg4 8.d3 a6 
9.a3 Qd7 10.b4 Bb6 11.Qc2 Bh3 12.Bb2 Bxg2 13.Kxg2 Qf5 14.Nd5 Nxd5 15.cxd5 
Ne7 16.e4 Qd7 17.Ng1 Ng6 18.Nh3 Nh4+ 19.gxh4 Qg4+ 20.Kh1 Qf3+ 21.Kg1 Qxh3 
22.Qe2 f5 23.Bc1 f4 24.Qd1 f3 0-1